Over de culturele uitwisseling tussen de Lage Landen en Polen aan de hand van de Nederlandse vertalingen van de Poolse hedendaagse literatuur
| Titel: | Over de culturele uitwisseling tussen de Lage Landen en Polen aan de hand van de Nederlandse vertalingen van de Poolse hedendaagse literatuur = On the cultural exchange between the low countries and Poland in the light of the Dutch translations of modern Polish literature / Katarzyna Tryczyńska |
|---|---|
| Verfasser: | |
| In: |
Brünner Beiträge zur Germanistik und Nordistik, Band 31, Heft 1 (2017), Seite 7-17 alle Artikel anzeigen |
| Veröffentlicht: | 2017 |
| Format: | Aufsatz |
| Sprache: | Niederländisch |
X
alg: 43217296 001A $04505:30-05-18 001B $01999:26-02-19 $t22:39:01.000 001C $04505:30-05-18 $t15:40:29.000 001D $04505:30-05-18 001U $0utf8 001X $00 002@ $0Aou 002C $aText $btxt $2rdacontent 002D $aohne Hilfsmittel zu benutzen $bn $2rdamedia 002E $aBand $bnc $2rdacarrier 003@ $0432172963 007A $0432172963 $aHEB 010@ $adut 010E $erda 011@ $a2017 021A $aOver de culturele uitwisseling tussen de Lage Landen en Polen aan de hand van de Nederlandse vertalingen van de Poolse hedendaagse literatuur $fOn the cultural exchange between the low countries and Poland in the light of the Dutch translations of modern Polish literature $hKatarzyna Tryczyńska 028A $BVerfasser $4aut $7 $8Tryczyńska, Katarzyna [Tnu] $9432172696 031A $d31 $e1 $h7-17 $j2017 037A $aMit englischem Abstract 039B $aEnthalten in $8--Abvc--. Brünner Beiträge zur Germanistik und Nordistik. - Brno : Masarykova Univerzita, 1977-. - ISSN 1211-4979 $x201700000310001993 $9047483814 045T $a7,20 $a7,22 045T $aLING $qDE-30 $2FID 045T $aGER $qDE-30 $2FID 045W $801.01.07$jNiederländisch [Tkv] $9133116948 045W $801.07.10$jPolnisch [Tkv] $9133118894 045W $803.16.16$jInterferenz [Tkv] $9133107957 045W $803.21.05$jInterkulturelle Kommunikation [Tkv] $9133072290 045W $803.28.03$jLiterarische Übersetzung [Tkv] $9133072533 045W $803.28.34$jSprache und Kultur$vÜbersetzung [Tkv] $9133123502 045W $803.28.16$jInterferenz$vÜbersetzung [Tkv] $9133108198 045W $804.05.03.045$jSlawizismus [Tkv] $9133122816 045W $804.05.03.040$jLehnübersetzung [Tkv] $9133113213 lok: 43217296 64 101B $030-05-18 $t15:40:29.000 101C $030-05-18 101U $0utf8 144Z/01 $ap @Konwicki, Tadeusz 144Z/02 $ap @Szczypiorski, Andrzej exp: 43217296 64 1 #EPN 201B/01 $030-05-18 $t15:40:29.000 201C/01 $030-05-18 201U/01 $0utf8 203@/01 $01022867776 208@/01 $a30-05-18 $be 209A/01 $a0 $f000 $x00 209B/01 $a43 $x05 247C/01 $8Frankfurt, Bibliographie Linguistischer Literatur $9129368261 lok: 43217296 78 exp: 43217296 78 1 #EPN 201B/01 $026-02-19 $t13:38:55.000 201C/01 $026-02-19 201U/01 $0utf8 203@/01 $01046512994 208@/01 $a26-02-19 $be 209A/01 $a/ $f000 $x00 209A/01 $ab*p $x01 220C/01 $aeja 244Z/01 $#Generalgouvernement Polen $#Polska $#Rzeczpospolita Polska $#Polska Rzeczpospolita Ludowa $#Poland $#Pologne $#République Polonaise $#Generalne Gubernatorstwo w Polsce $#Polish People's Republic $#Polska Rzeczpospolita Polen $#PRL $#RP $#Polen Generalgouvernement $#Polska Generalgouvernement $#Besetzte Polnische Gebiete $#Besetztes Gebiet in Polen $#Okupowane Polskie Obszary $#Obszary Okupowane w Polsce $#Volksrepublik Polen $#Polska Rosyjska $#Republic Polen $#Respublika Pol'ša $#Pol'skaja Narodnaja Respublika $#République de Pologne $#Polen Links der Weichsel $#Polska po Lewej Stronie Wisły $#Lenkija $#Polija $#Gubernija Carstva Pol'skago $#Republik Polen $74046496-9 $8--Tg1--Polen $x01 $9085129801 247C/01 $82080>Marburg/Lahn, Herder-Institut, Forschungsbibliothek, Bibliographieportal $9336309341
| LEADER | 00000caa a2200000 c 4500 | ||
|---|---|---|---|
| 001 | 432172963 | ||
| 003 | DE-603 | ||
| 005 | 20190226223901.0 | ||
| 007 | tu | ||
| 008 | 180530s2017 xx |||| | u00||u|dut c | ||
| 035 | |a (DE-599)HEB432172963 | ||
| 040 | |a DE-603 |b ger |c DE-603 |d DE-603 |e rda | ||
| 041 | |a dut | ||
| 084 | |a 7,20 |a 7,22 |2 ssgn | ||
| 084 | |a LING |q DE-30 |2 fid | ||
| 084 | |a GER |q DE-30 |2 fid | ||
| 100 | 1 | |a Tryczyńska, Katarzyna |e Verfasser |4 aut |0 (DE-603)432172696 | |
| 245 | 0 | 0 | |a Over de culturele uitwisseling tussen de Lage Landen en Polen aan de hand van de Nederlandse vertalingen van de Poolse hedendaagse literatuur |b = On the cultural exchange between the low countries and Poland in the light of the Dutch translations of modern Polish literature |c Katarzyna Tryczyńska |
| 264 | 0 | |c 2017 | |
| 336 | |a Text |b txt |2 rdacontent | ||
| 337 | |a ohne Hilfsmittel zu benutzen |b n |2 rdamedia | ||
| 338 | |a Band |b nc |2 rdacarrier | ||
| 500 | |a Mit englischem Abstract | ||
| 773 | 0 | 8 | |i Enthalten in |t Brünner Beiträge zur Germanistik und Nordistik |d Brno : Masarykova Univerzita, 1977- |h 25 cm |x 1211-4979 |g Band 31, Heft 1 (2017), Seite 7-17 |w (DE-603)047483814 |w (DE-600)303173-1 |
| 924 | 0 | |9 603 |a (DE-603)1022867776 |b DE-603 |c HES |d d | |
| 924 | 0 | |9 2080 |a (DE-603)1046512994 |b DE-2080 |c HES |d d |g / | |


